| 000 | 00572cam a2200169 a 4500 | ||
|---|---|---|---|
| 001 | 000002571 | ||
| 005 | 20200929150221.0 | ||
| 008 | 990702s1999 mx a 000 0 spa | ||
| 040 |
_aDO-SdBNP _cDLC |
||
| 082 |
_a808.81 _bA696a |
||
| 100 | 1 |
_aArias de la Canal, Fredo. _98096 |
|
| 245 | 1 | 0 |
_aAntología cósmica de Daniel Gutiérrez Pedreiro / _cpor Fredo Arias de la Canal. |
| 260 |
_aMéxico : _bFrente de Afirmación Hispanista, _c1999. |
||
| 300 |
_axv, 153 p. : _bil. ; _c23 cm. |
||
| 650 | 4 |
_aPoesía mexicana _xColecciones _98097 |
|
| 910 | _aCatalogación por copia / LC | ||
| 999 |
_c2407 _d2407 |
||